Cẩm nang bệnh lợn

Sách giới thiệu những bệnh thườbg gặp và gây hại cho lợn, thuốc điều trị và vaccin phòng bệnh cho lợn cùng một số kỹ thuật thực hành phòng trị bệnh cho chúng

Zapisane w:
Opis bibliograficzny
1. autor: Phạm Sĩ Lăng
Format: Książka
Język:Undetermined
Wydane: Hà Nội Nông nghiệp 1997
Hasła przedmiotowe:
Etykiety: Dodaj etykietę
Nie ma etykietki, Dołącz pierwszą etykiete!
Thư viện lưu trữ: Trung tâm Học liệu Trường Đại học Cần Thơ
LEADER 00824nam a2200205Ia 4500
001 CTU_27893
008 210402s9999 xx 000 0 und d
020 |b 15.000đ 
082 |a 636.4089 
082 |b L116 
100 |a Phạm Sĩ Lăng 
245 0 |a Cẩm nang bệnh lợn 
245 0 |c Phạm Sĩ Lăng, Phan Địch Lân 
260 |a Hà Nội 
260 |b Nông nghiệp 
260 |c 1997 
520 |a Sách giới thiệu những bệnh thườbg gặp và gây hại cho lợn, thuốc điều trị và vaccin phòng bệnh cho lợn cùng một số kỹ thuật thực hành phòng trị bệnh cho chúng 
650 |a swine - diseases,veterinary medicine 
904 |i Minh, 990107 
980 |a Trung tâm Học liệu Trường Đại học Cần Thơ